Chansons de G-Idle - Statistiques

Statistiques générales
  • Ce quiz a été pris 249 fois
  • Le résultat moyen est 26 sur 60
Statistiques - réponses
I AM % Correct
Queencard
95%
Nxde
91%
Tomboy
91%
Super Lady
81%
Latata
80%
Oh my god
79%
Hwaa
72%
Lion
72%
Allergy
71%
My bag
68%
Senorita
68%
Hann (alone)
67%
Hann (Alone in winter)
66%
Wife
65%
Fate
61%
I want that
61%
I Do
56%
Revenge
50%
Doll
48%
Uh Oh
48%
Love
43%
Change
42%
Rollie
41%
Lucid
39%
Maze
39%
Peter Pan
39%
7 Days
37%
Villain Dies
37%
Dahlia
36%
Eyes roll
36%
All night
35%
Dumdi Dumdi
35%
Moon
35%
Lost
33%
Paradise
33%
Polaroid
33%
Dark (X-file)
32%
Escape
30%
Liar
30%
What's in your house?
30%
Already
29%
Flip it
29%
Hear me
29%
Tall trees
29%
Dollars
28%
Don't text me
28%
Im the trend
28%
Sculpture
28%
Luv U
27%
Maybe
27%
Never stop me
27%
Vision
27%
Put it straight
26%
Blow your mind
25%
Reset
25%
Where is love
25%
Give me your
23%
What's your name
22%
Last dance
17%
Relay
11%
Aucun quiz correspondant
Distribution des résultats
% des personnes avec chaque résultat
Percentile par nombre de réponses
Votre historique - résultats
Vous n’avez pas pris ce quiz